Site inspection for the construction team (Record no. 102427)

MARC details
000 -LEADER
fixed length control field 01002cam a2200241 4500
001 - CONTROL NUMBER
control field J119882
008 - FIXED-LENGTH DATA ELEMENTS--GENERAL INFORMATION
fixed length control field 020927n2002 000 0 eng u
035 ## - SYSTEM CONTROL NUMBER
System control number (Sirsi) u119882
041 ## - LANGUAGE CODE
Language code of text/sound track or separate title eng.
050 ## - LIBRARY OF CONGRESS CALL NUMBER
Classification number 690.2
110 ## - MAIN ENTRY--CORPORATE NAME
Corporate name or jurisdiction name as entry element Institute of Clerks of Works
9 (RLIN) 2671
245 ## - TITLE STATEMENT
Title Site inspection for the construction team
260 ## - PUBLICATION, DISTRIBUTION, ETC.
Place of publication, distribution, etc. PeterboroughbICW
Date of publication, distribution, etc. 2002
300 ## - PHYSICAL DESCRIPTION
Extent 218p.
Dimensions 31cm.
350 ## - PRICE (NR) (BK AM CF MU VM SE) [OBSOLETE]
Price 40
520 ## - SUMMARY, ETC.
Summary, etc. This document is designed for use as a management tool in respect of site inspection for any professional practice, large or small, to meet their client/employers/management process/or quality managersprocess, and to ensure a suitable management process is being carried out on their behalf. It complements, but does not replace, the Clerk of Works manual.
650 ## - SUBJECT ADDED ENTRY--TOPICAL TERM
Topical term or geographic name entry element SITE INSPECTIONS
650 ## - SUBJECT ADDED ENTRY--TOPICAL TERM
Topical term or geographic name entry element WORK IN PROGRESS
690 ## - LOCAL SUBJECT ADDED ENTRY--TOPICAL TERM (OCLC, RLIN)
Topical term or geographic name as entry element BUILDING AND CONSTRUCTION-MANAGEMENT
710 ## - ADDED ENTRY--CORPORATE NAME
Corporate name or jurisdiction name as entry element Schal International Management
9 (RLIN) 4374
856 ## - ELECTRONIC LOCATION AND ACCESS
Uniform Resource Identifier <a href="https://www.icwgb.org">https://www.icwgb.org</a>
942 ## - ADDED ENTRY ELEMENTS (KOHA)
Suppress in OPAC 0
Holdings
Withdrawn status Lost status Source of classification or shelving scheme Damaged status Not for loan Home library Current library Shelving location Date acquired Cost, normal purchase price Total Checkouts Full call number Barcode Date last seen Date last checked out Copy number Cost, replacement price Price effective from Koha item type
    Dewey Decimal Classification     London London Folio 14/11/2002 40.00 9 F690.2 INS 30068243 06/08/2019 16/02/2006 1 40.00 06/08/2019 Book